000 00461nam a2200181Ia 4500
008 151202s9999||||xx |||||||||||||| ||und||
082 _bPNVM-81537
100 _aPRICE WARD G.
245 _aI KNOW THESE DICTATORS.
260 _b"GEORGE G. HARRAP, & CO,LTD."
260 _c1937
300 _a256
600 _aPRICE WARD G.
630 _aI KNOW THESE DICTATORS.
700 _aPRICE WARD G.
730 _aI KNOW THESE DICTATORS.
942 _cBOOK
999 _c1346145
_d1346142